Manuelita, ¿dónde vas? (Registro nro. 6832)

Detalles MARC
000 -LEADER
fixed length control field 01086nam a22002777a 4500
003 - CONTROL NUMBER IDENTIFIER
control field OSt
005 - DATE AND TIME OF LATEST TRANSACTION
control field 20250711153231.0
008 - FIXED-LENGTH DATA ELEMENTS--GENERAL INFORMATION
fixed length control field 200909b2007 ck a|||gr|||| 00| 0 spa d
020 ## - INTERNATIONAL STANDARD BOOK NUMBER
International Standard Book Number 9789587045222
040 ## - CATALOGING SOURCE
Original cataloging agency CO-JMCR
Transcribing agency CO-JMCR
041 0# - LANGUAGE CODE
Language code of text/sound track or separate title spa
082 04 - DEWEY DECIMAL CLASSIFICATION NUMBER
Edition number 23
Classification number N
Item number WALm
100 1# - MAIN ENTRY--PERSONAL NAME
Personal name Walsh, María Elena,
Relator term autra
9 (RLIN) 10014
245 10 - TITLE STATEMENT
Title Manuelita, ¿dónde vas?
Statement of responsibility, etc. María Elena Walsh ; ilustraciones de Lancman Ink
250 ## - EDITION STATEMENT
Edition statement Primera edición
260 ## - PUBLICATION, DISTRIBUTION, ETC.
Place of publication, distribution, etc. Bogotá :
Name of publisher, distributor, etc. Alfaguara,
Date of publication, distribution, etc. 2007.
300 ## - PHYSICAL DESCRIPTION
Extent 156 páginas :
Other physical details ilustraciones a blanco y negro ;
Dimensions 20 cm.
490 ## - SERIES STATEMENT
Series statement Alfaguara infantil
500 ## - GENERAL NOTE
General note Datos biográficos de la autora en páginas 155-156.
520 0# - SUMMARY, ETC.
Summary, etc. Tanto alboroto se armó en el patio de la casa de la tortuga Manuelita, que se despertó. Y como no pudo volver a dormirse, decidió salir a recorrer el mundo.
521 ## - TARGET AUDIENCE NOTE
Target audience note Desde 10 años
Source Tapa posterior.
650 24 - SUBJECT ADDED ENTRY--TOPICAL TERM
Topical term or geographic name entry element Cuentos infantiles
Geographic subdivision Argentina
9 (RLIN) 10015
650 24 - SUBJECT ADDED ENTRY--TOPICAL TERM
Topical term or geographic name entry element Tortugas
General subdivision literatura infantil
Geographic subdivision Argentina
9 (RLIN) 10016
700 1# - ADDED ENTRY--PERSONAL NAME
Personal name Ink, Lancman,
Relator term ilustrador
9 (RLIN) 10017
942 ## - ADDED ENTRY ELEMENTS (KOHA)
Source of classification or shelving scheme Dewey Decimal Classification
Koha item type Books
Existencias
Withdrawn status Lost status Source of classification or shelving scheme Damaged status Not for loan Home library Current library Shelving location Date acquired Source of acquisition Total Checkouts Total Renewals Full call number Barcode Date last seen Date last checked out Copy number Price effective from Koha item type Public note
    Dewey Decimal Classification     Biblioteca Pública José María del Castillo y Rada Biblioteca Pública José María del Castillo y Rada Children's Area 04/15/2018 Donación 3 2 N WALm 201809815 04/06/2026 04/06/2026 Ej.1 04/15/2018 Books Exlibris: David Pardo